Queen Song Over One Million Views on Youtube - Statistics

General Stats
  • This quiz has been taken 35 times
    28 since last reset
  • The average score is 39 of 88
Answer Stats
Album Song Views % Correct
A Night At The Opera Bohemian Rhapsody 1 Billion
95%
Sheer Heart Attack Killer Queen 114 Million
95%
News Of The World We Are The Champions 191 Million
90%
A Kind Of Magic A Kind Of Magic 48 Million
85%
The Works I Want To Break Free 315 Million
85%
News Of The World We Will Rock You 336 Million
85%
The Game Another One Bites the Dust 342 Million
80%
Jazz Don't Stop Me Now 493 Million
80%
The Works Radio Ga Ga 138 Million
80%
Queen I Keep Yourself Alive 11 Million
75%
Hot Space Under Pressure 142 Million
75%
The Works Hammer To Fal 14 Million
70%
A Night At The Opera Love Of My Life 10 Million
70%
A Night At The Opera You're My Best Friend 33 Million
70%
Jazz Bicycle Race 14 Million
65%
The Game Crazy Little Thing Called Love 134 Million
65%
Jazz Fat Bottomed Girls 76 Million
65%
The Miracle I Want It All 63 Million
65%
Queen I Liar 5.5 Million
65%
Queen II Seven Seas Of Rhye 7.4 Million
65%
Innuendo The Show Must Go On 116 Million
65%
A Kind Of Magic Friends Will Be Friends 27 Million
60%
A Kind Of Magic One Vision 16 Million
60%
The Game Play The Game 18 MIllion
60%
A Day At The Races Somebody To Love 246 Million
60%
The Miracle Breakthru 25 Million
55%
Innuendo Innuendo 38 Million
55%
Queen II The March Of The Black Queen 3.5 Million
55%
A Kind Of Magic Who Wants To Live Forever 102 Million
55%
A Night At The Opera I'm In Love With My Car 6.2 Million
50%
News Of The World Spread Your Wings 12 Million
50%
The Miracle The Invisible Man 15 Million
50%
The Miracle The Miracle 21 Million
50%
Innuendo These Are The Days Of Our Lives 58 Million
50%
A Day At The Races Tie Your Mother Down 7 Million
50%
Queen II White Queen 1.1 Million
50%
A Night At The Opera '39 5.2 Million
45%
Hot Space Body Language 3.5 Million
45%
Hot Space Cool Cat 1.6 Million
45%
A Day At The Races Good Old Fashioned Lover Boy 19 Million
45%
Innuendo I'm Going Slightly Mad 27 Million
45%
The Game Save Me 29 Million
45%
The Miracle Scandal 10 Million
45%
News Of The World Sheer Heart Attack 1.5 Million
45%
Queen I Doing All Right 2.3 Million
40%
Queen I Great King Rat 1.3 Million
40%
Innuendo Headlong 7.3 Million
40%
The Works It's A Hard Life 23 Million
40%
Jazz Mustapha 2.4 Million
40%
News Of The World All Dead, All Dead 2 Million
35%
Hot Space Back Chat 3.8 Million
35%
Made In Heaven I Was Born To Love You 39 Million
35%
Queen I My Fairy King 1.3 Million
35%
A Night At The Opera The Prophets Song 2.7 Million
35%
A Night At The Opera Death On Two Legs 3.8 Million
30%
The Game Dragon Attack 1.6 Million
30%
Made In Heaven Made In Heaven 4.2 Million
30%
Queen II Nevermore 1.1 Million
30%
Sheer Heart Attack Now I'm Here 13 Million
30%
A Kind Of Magic Princes Of The Universe 29 Million
30%
Sheer Heart Attack Stone Cold Crazy 1.7 Million
30%
Made In Heaven Too Much Love Will Kill You 2.7 Million
30%
Sheer Heart Attack Brighton Rock 6 Million
25%
The Works Is This The World We Created...? 1.8 Million
25%
News Of The World It's Late 1.6 Million
25%
Jazz Jealousy 2.4 Million
25%
A Night At The Opera Lazing On A Sunday Afternoon 1.7 Million
25%
A Day At The Races The Millionaire Waltz 2.1 Million
25%
A Day At The Races You And I 1 Million
25%
Made In Heaven You Don't Fool Me 5.4 Million
25%
Made In Heaven Heaven For Everyone 4.1 Million
20%
Sheer Heart Attack In The Lap Of The Gods...Revisited 1.8 Million
20%
Made In Heaven Mother Love 1.4 Million
20%
News Of The World My Melancholy Blues 2.7 Million
20%
Queen II Procession 1 Million
20%
A Night At The Opera Seaside Rendezvous 1.7 Million
20%
A Day At The Races Teo Torriatte 2.5 Million
20%
Hot Space Calling All Girls 1.4 Million
15%
Innuendo Delilah 1.6 Million
15%
The Game Don't Try Suicide 1 Million
15%
Sheer Heart Attack Flick Of The Wrist 1.2 Million
15%
Made In Heaven Let Me Live 1.8 Million
15%
Sheer Heart Attack Lily Of The Valley 1.1 Million
15%
A Day At The Races You Take My Breath Away 2.9 Million
15%
Innuendo Don't Try So Hard 1.4 Million
10%
Made In Heaven It's A Beautiful Day 1.9 Million
10%
A Kind Of Magic One Year Of Love 3.2 Million
10%
Made In Heaven A Winter's Tale 2.6 Million
5%
No matching quizzes found
Score Distribution
Percent of People with Each Score
Percentile by Number Answered
Your Score History
You have not taken this quiz since the last reset